004930000a220010900045001000023000002450175000233000056001987730014002549420008002689520090002769990017003661 aMackenzie, Eduardo10a"La droga no ha hecho rica a Colombia" : Gurú en la econimía colombiana, Luis José Garay cree que los ingresos del narcotráfico han beneficiado muy poco al país aVol. 3, Num. 3 (Junio-Julio, 1993), Páginas 56-570 tCambio 16 cANA 001040708HEMaFUSBCbFUSBCd2016-01-26l0o r2016-01-26 00:00:00w2016-01-26yANA c58503d58503